[Event "27th Klatovy B 2019"]
[Site "Klatovy CZE"]
[Date "2019.06.29"]
[Round "1.1"]
[White "Kastner, Jan"]
[Black "Kratochvil, Milos 1976"]
[Result "1-0"]
[WhiteElo "1919"]
[BlackElo "1528"]
[PlyCount "85"]
[EventDate "2019.06.29"]
[EventType "swiss"]
[EventRounds "9"]
[EventCountry "CZE"]

1. d4 d5 2. Nf3 e6 3. Bf4 Nf6 4. e3 Bd6 5. Bg5 c5 6. c3 Nbd7 7. Nbd2 b6 8. Qc2 c4 9. e4 Be7 10. e5 Ne4 11. Nxe4 dxe4 12. Bxe7 Qxe7 13. Qxe4 Rb8 14. Bxc4 O-O 15. Qg4 Bb7 16. Ng5 Kh8 17. O-O f5 18. Qh5 g6 19. Qh6 Bd5 20. Bxd5 exd5 21. f4 Rbe8 22. Rf3 Qg7 23. Qh4 h5 24. h3 Qh6 25. e6 Re7 26. exd7 Rxd7 27. Re1 Rg8 28. Rfe3 Qg7 29. Nf3 Qh6 30. Re7 Rxe7 31. Rxe7 Qf8 32. Qg5 Rg7 33. Qh6+ Kg8 34. Rxg7+ Qxg7 35. Qxg7+ Kxg7 36. Ne5 Kf6 37. h4 b5 38. Kf2 a6 39. Ke2 a5 40. Kd3 a4 41. b3 a3 42. b4 Kg7 43. Kc2 1-0

[Event "27th Klatovy B 2019"]
[Site "Klatovy CZE"]
[Date "2019.06.29"]
[Round "1.2"]
[White "Day, Timothy"]
[Black "Jirasek, Jiri"]
[Result "0-1"]
[WhiteElo "1527"]
[BlackElo "1908"]
[PlyCount "103"]
[EventDate "2019.06.29"]
[EventType "swiss"]
[EventRounds "9"]
[EventCountry "CZE"]

1. e4 e5 2. Nf3 Nf6 3. Nc3 Nc6 4. d4 exd4 5. Nd5 d6 6. Nxd4 Bd7 7. Bc4 Nxd5 8. exd5 Ne5 9. Qe2 Be7 10. Bb5 O-O 11. O-O Bf6 12. Bxd7 Qxd7 13. Bd2 Rfe8 14. Bc3 a6 15. Rad1 Re7 16. Qh5 g6 17. Qh6 Bg7 18. Qh4 Rae8 19. b3 c5 20. dxc6 bxc6 21. Qg3 d5 22. Bb4 f5 23. Bxe7 Rxe7 24. c4 c5 25. Nf3 d4 26. Nxe5 Rxe5 27. Rfe1 Re4 28. Rxe4 fxe4 29. Qb8+ Kf7 30. Qf4+ Qf5 31. Qc7+ Kf6 32. Qd6+ Kg5 33. Qe7+ Bf6 34. Qxh7 d3 35. g3 Kg4 36. Qc7 g5 37. Qa5 Bd4 38. Qe1 Qf3 39. Qf1 Kf5 40. h3 Qxg3+ 41. Qg2 Bxf2+ 42. Kf1 Qxg2+ 43. Kxg2 Be3 44. a3 a5 45. Kg3 Ke5 46. h4 gxh4+ 47. Kxh4 Kd4 48. Kg4 d2 49. Kf5 Kd3 50. b4 axb4 51. axb4 cxb4 52. Rb1 0-1

[Event "27th Klatovy B 2019"]
[Site "Klatovy CZE"]
[Date "2019.06.29"]
[Round "1.3"]
[White "Masek, Jan"]
[Black "Levinsky, Ladislav"]
[Result "1-0"]
[WhiteElo "1905"]
[BlackElo "1515"]
[PlyCount "67"]
[EventDate "2019.06.29"]
[EventType "swiss"]
[EventRounds "9"]
[EventCountry "CZE"]

1. e4 e6 2. d4 d5 3. Nd2 g6 4. c3 Bg7 5. e5 Ne7 6. Bd3 b6 7. Ndf3 Bb7 8. Ne2 Nd7 9. Nf4 c5 10. O-O Nf5 11. Bxf5 gxf5 12. Nh5 Rg8 13. Bg5 Qc7 14. Qd2 Bf8 15. Bf6 Rg6 16. Bg5 Be7 17. Rfc1 Bxg5 18. Nxg5 h6 19. Nh7 O-O-O 20. N7f6 Nxf6 21. Nxf6 Qe7 22. h4 Rxf6 23. exf6 Qxf6 24. Qf4 Rg8 25. f3 Qg7 26. Rc2 Kd7 27. Re1 Rc8 28. dxc5 bxc5 29. Qa4+ Kd6 30. Qxa7 f6 31. b4 c4 32. Qb6+ Rc6 33. Qd8+ Qd7 34. Qxf6 1-0

[Event "27th Klatovy B 2019"]
[Site "Klatovy CZE"]
[Date "2019.06.29"]
[Round "1.4"]
[White "Langmajer, Jan"]
[Black "Kaspar, Lukas"]
[Result "1/2-1/2"]
[WhiteElo "1514"]
[BlackElo "1886"]
[PlyCount "54"]
[EventDate "2019.06.29"]
[EventType "swiss"]
[EventRounds "9"]
[EventCountry "CZE"]

1. e4 g6 2. d4 Bg7 3. f4 d6 4. Nf3 Nd7 5. e5 Nb6 6. Bd3 e6 7. O-O Ne7 8. Qe1 c5 9. Nc3 c4 10. Be2 d5 11. Nb5 Nf5 12. g4 Bd7 13. gxf5 Bxb5 14. f6 Bf8 15. Qh4 Qd7 16. Bd2 Rc8 17. f5 exf5 18. Bh6 Bxh6 19. Qxh6 Kd8 20. Ng5 Kc7 21. Rf3 Kb8 22. Rh3 Rcg8 23. Kh1 Na8 24. Rg1 Nc7 25. Nxh7 f4 26. Bg4 Ne6 27. Qh4 Qc8 1/2-1/2

[Event "27th Klatovy B 2019"]
[Site "Klatovy CZE"]
[Date "2019.06.29"]
[Round "1.5"]
[White "Zednik, Zdenek"]
[Black "Flajsman, Zdenek"]
[Result "1/2-1/2"]
[WhiteElo "1879"]
[BlackElo "1503"]
[PlyCount "92"]
[EventDate "2019.06.29"]
[EventType "swiss"]
[EventRounds "9"]
[EventCountry "CZE"]

1. Nf3 Nc6 2. d4 d5 3. Bf4 Nf6 4. e3 a6 5. Be2 e6 6. O-O Bd6 7. Ne5 Ne4 8. Nxc6 bxc6 9. Bxd6 Qxd6 10. Bd3 O-O 11. Bxe4 dxe4 12. Nd2 f5 13. Nc4 Qb4 14. b3 a5 15. Ne5 Qd6 16. c4 c5 17. Qd2 Bb7 18. Rfd1 cxd4 19. Qxd4 Rfd8 20. c5 Qd5 21. Qxd5 Rxd5 22. c6 Rxe5 23. cxb7 Rb8 24. Rd7 Rxb7 25. Rad1 Rc5 26. g3 Rb8 27. Re7 Rd5 28. Rc1 c5 29. Rc4 e5 30. Ra7 Rb5 31. Ra4 Rd8 32. Kf1 Rd2 33. Ke1 Rc2 34. R7xa5 Rxa5 35. Rxa5 Kf7 36. a4 h5 37. Rb5 g5 38. a5 Ke7 39. a6 Ra2 40. Rxc5 Rxa6 41. Rxe5+ Kf6 42. Rc5 Ra1+ 43. Kd2 Rh1 44. b4 Rxh2 45. Ke2 Rh1 46. Rc6+ Kg7 1/2-1/2

[Event "27th Klatovy B 2019"]
[Site "Klatovy CZE"]
[Date "2019.06.29"]
[Round "1.6"]
[White "Novak, Rudolf"]
[Black "Zidu, Jan"]
[Result "0-1"]
[WhiteElo "1499"]
[BlackElo "1852"]
[PlyCount "80"]
[EventDate "2019.06.29"]
[EventType "swiss"]
[EventRounds "9"]
[EventCountry "CZE"]

1. e4 c5 2. Nf3 d6 3. d4 cxd4 4. Nxd4 Nf6 5. Nc3 a6 6. Bd3 Nbd7 7. O-O Ne5 8. Re1 Nxd3 9. cxd3 e5 10. Nf5 h6 11. d4 Nxe4 12. Rxe4 Bxf5 13. Re1 Be6 14. dxe5 dxe5 15. Qf3 Qc7 16. a3 Rd8 17. Be3 Be7 18. Rac1 Qb8 19. Red1 O-O 20. Qg3 Rxd1+ 21. Rxd1 Kh7 22. Bb6 f5 23. Nd5 Bd6 24. Nc3 Bc7 25. Bxc7 Qxc7 26. Re1 f4 27. Qd3+ Bf5 28. Qd5 Re8 29. h3 Bg6 30. Na4 Qc2 31. Nc5 Qxb2 32. Nxb7 Qxa3 33. Re2 e4 34. Ra2 Qc1+ 35. Kh2 e3 36. fxe3 fxe3 37. Rxa6 e2 38. Qd6 Qb1 39. Nd8 e1=Q 40. Ne6 Rxe6 0-1

[Event "27th Klatovy B 2019"]
[Site "Klatovy CZE"]
[Date "2019.06.29"]
[Round "1.7"]
[White "Danek, Vaclav"]
[Black "Stastny, Simon"]
[Result "1-0"]
[WhiteElo "1849"]
[BlackElo "1474"]
[PlyCount "59"]
[EventDate "2019.06.29"]
[EventType "swiss"]
[EventRounds "9"]
[EventCountry "CZE"]

1. e4 e5 2. Nf3 Nc6 3. Bb5 a6 4. Ba4 Nf6 5. d3 d6 6. c3 b5 7. Bb3 Be7 8. Nbd2 O-O 9. Nf1 Re8 10. Ne3 Be6 11. Nd5 a5 12. a4 Na7 13. axb5 Nxb5 14. Ba4 c6 15. Nxe7+ Rxe7 16. h3 Qc7 17. Bg5 d5 18. O-O dxe4 19. dxe4 Rd7 20. Qe2 Na7 21. Bc2 Rb8 22. Bc1 h6 23. Qa6 Rb5 24. Nd2 Rd6 25. c4 Bc8 26. cxb5 Bxa6 27. bxa6 Qc8 28. Nc4 Rd4 29. b3 Nxe4 30. Be3 1-0

[Event "27th Klatovy B 2019"]
[Site "Klatovy CZE"]
[Date "2019.06.29"]
[Round "1.8"]
[White "Novy, Jan"]
[Black "Vachal, Josef1"]
[Result "0-1"]
[WhiteElo "1473"]
[BlackElo "1827"]
[PlyCount "62"]
[EventDate "2019.06.29"]
[EventType "swiss"]
[EventRounds "9"]
[EventCountry "CZE"]

1. c4 Nf6 2. Nc3 e6 3. e4 d5 4. e5 d4 5. exf6 dxc3 6. fxg7 cxd2+ 7. Bxd2 Bxg7 8. Qb3 Nc6 9. Nf3 b6 10. Rd1 Qe7 11. Bd3 Bb7 12. O-O O-O-O 13. Be4 Kb8 14. Be3 f5 15. Bb1 Rdg8 16. Ne1 Be5 17. f4 Bd6 18. Rf2 Rg4 19. h3 Rg3 20. Qc3 Rhg8 21. Rf3 R3g6 22. a3 Qh4 23. Bf2 Qh5 24. b4 Bxf4 25. c5 Ne5 26. Rxf4 Qxd1 27. Bc2 Rxg2+ 28. Kf1 Ba6+ 29. Rc4 Bxc4+ 30. Qxc4 Qxe1+ 31. Kxe1 Nxc4 0-1

[Event "27th Klatovy B 2019"]
[Site "Klatovy CZE"]
[Date "2019.06.29"]
[Round "1.9"]
[White "Simacek, Vaclav"]
[Black "Matejicek, Vojtech"]
[Result "1-0"]
[WhiteElo "1809"]
[BlackElo "1472"]
[PlyCount "67"]
[EventDate "2019.06.29"]
[EventType "swiss"]
[EventRounds "9"]
[EventCountry "CZE"]

1. e4 e6 2. d4 d5 3. Nc3 Nf6 4. Bg5 Be7 5. e5 Nfd7 6. h4 h6 7. Qh5 g6 8. Bxe7 Qxe7 9. Qg4 Nc6 10. Nf3 b6 11. Nb5 Qd8 12. c4 Nb4 13. Na3 Bb7 14. Be2 a6 15. O-O Qe7 16. Rfc1 O-O-O 17. c5 f5 18. exf6 Nxf6 19. Qf4 g5 20. Qd2 bxc5 21. Rxc5 Nc6 22. Rac1 Ne4 23. Qe1 Nxc5 24. Rxc5 g4 25. Bxa6 Nxd4 26. Bxb7+ Kxb7 27. Qb4+ Kc8 28. Nxd4 Rd6 29. Qc3 Rf8 30. Nab5 Rd7 31. Na7+ Kb7 32. Qb4+ Ka8 33. Nac6 Qf7 34. Ra5# 1-0

[Event "27th Klatovy B 2019"]
[Site "Klatovy CZE"]
[Date "2019.06.29"]
[Round "1.10"]
[White "Stanke, Petr"]
[Black "Perik, Alois"]
[Result "1/2-1/2"]
[WhiteElo "1463"]
[BlackElo "1809"]
[PlyCount "75"]
[EventDate "2019.06.29"]
[EventType "swiss"]
[EventRounds "9"]
[EventCountry "CZE"]

1. d4 Nf6 2. c4 d5 3. Nc3 c6 4. Nf3 e6 5. Bg5 Be7 6. e3 h6 7. Bh4 O-O 8. Bd3 dxc4 9. Bxc4 b5 10. Bd3 a6 11. e4 Bb7 12. O-O Re8 13. Re1 Nbd7 14. Rc1 c5 15. e5 Nd5 16. Bxe7 Qxe7 17. Be4 Nxc3 18. Rxc3 Bxe4 19. Rxe4 Red8 20. dxc5 Nxc5 21. Rd4 Rxd4 22. Nxd4 Rd8 23. Qg4 Rd5 24. Rc1 Qd7 25. Rd1 Rxe5 26. Nc2 Rd5 27. Ne3 Rd3 28. Qe2 Rd4 29. Qc2 Ne4 30. f3 Qa7 31. Rxd4 Qxd4 32. Qxe4 Qxb2 33. Qc2 Qd4 34. Kf2 f5 35. Ke2 f4 36. Nd1 Qg1 37. Qc8+ Kh7 38. Qc2+ 1/2-1/2

[Event "27th Klatovy B 2019"]
[Site "Klatovy CZE"]
[Date "2019.06.29"]
[Round "1.11"]
[White "Vanduyfhuys, Igor"]
[Black "Stross, Frantisek 1952"]
[Result "1-0"]
[WhiteElo "1803"]
[BlackElo "1458"]
[PlyCount "50"]
[EventDate "2019.06.29"]
[EventType "swiss"]
[EventRounds "9"]
[EventCountry "CZE"]

1. e4 e5 2. Nf3 Nc6 3. Bc4 h6 4. d4 exd4 5. Nxd4 Bc5 6. Be3 b6 7. Nxc6 dxc6 8. Bxf7+ Ke7 9. Bxc5+ bxc5 10. Qxd8+ Kxd8 11. Nc3 Ke7 12. Bc4 Nf6 13. O-O-O Ng4 14. Rd2 Ne5 15. Bb3 Ba6 16. f4 Nd7 17. Rhd1 Rhd8 18. e5 Nb6 19. f5 c4 20. f6+ gxf6 21. exf6+ Ke8 22. f7+ Ke7 23. Rxd8 Rxd8 24. Rxd8 Kxf7 25. Ba4 Ke7 1-0

[Event "27th Klatovy B 2019"]
[Site "Klatovy CZE"]
[Date "2019.06.29"]
[Round "1.12"]
[White "Simunek, Jakub Simon"]
[Black "Flajsman, Petr"]
[Result "1/2-1/2"]
[WhiteElo "1457"]
[BlackElo "1799"]
[PlyCount "55"]
[EventDate "2019.06.29"]
[EventType "swiss"]
[EventRounds "9"]
[EventCountry "CZE"]

1. d4 Nf6 2. Nf3 d6 3. Nc3 g6 4. e4 Bg7 5. Bf4 c6 6. Qd2 Nbd7 7. Bh6 Bxh6 8. Qxh6 Qa5 9. O-O-O b6 10. Ng5 Rg8 11. Nxh7 Nxh7 12. Qxh7 Qg5+ 13. Kb1 Nf6 14. h4 Nxh7 15. hxg5 Nxg5 16. f4 Ne6 17. g3 f5 18. Bc4 Nc7 19. Rh7 d5 20. exd5 cxd5 21. Bb5+ Kf8 22. Rdh1 Nxb5 23. Nxb5 a6 24. Nc3 Be6 25. Nd1 Rg7 26. Rh8+ Rg8 27. Ne3 Rxh8 28. Rxh8+ 1/2-1/2

[Event "27th Klatovy B 2019"]
[Site "Klatovy CZE"]
[Date "2019.06.29"]
[Round "1.13"]
[White "Novotny, Jaromir"]
[Black "Silhavy, Josef"]
[Result "1/2-1/2"]
[WhiteElo "1796"]
[BlackElo "1448"]
[PlyCount "78"]
[EventDate "2019.06.29"]
[EventType "swiss"]
[EventRounds "9"]
[EventCountry "CZE"]

1. e4 c5 2. Nf3 d6 3. d4 cxd4 4. Nxd4 Nf6 5. Nc3 g6 6. Bc4 Bg7 7. O-O O-O 8. h3 Nc6 9. Nxc6 bxc6 10. Be3 Qc7 11. Qe2 a5 12. Na4 Rb8 13. f3 Nh5 14. Qf2 c5 15. c3 Bd7 16. Bb3 Bb5 17. g4 Nf6 18. c4 Bxa4 19. Bxa4 Nd7 20. Rab1 Nb6 21. Bb5 Nc8 22. Kg2 e6 23. a4 Ne7 24. b3 f5 25. Qg3 fxe4 26. fxe4 Be5 27. Bf4 Bxf4 28. Rxf4 Rxf4 29. Qxf4 Rf8 30. Qg3 Kg7 31. Rf1 Rxf1 32. Kxf1 e5 33. Qf3 Ng8 34. Ke2 Qf7 35. Qxf7+ Kxf7 36. Bc6 Ne7 37. Bd5+ Kf6 38. h4 h6 39. Ke3 Nc8 1/2-1/2

[Event "27th Klatovy B 2019"]
[Site "Klatovy CZE"]
[Date "2019.06.29"]
[Round "1.14"]
[White "Jedlicka, Pavel"]
[Black "Rezac, Jindrich"]
[Result "0-1"]
[WhiteElo "1445"]
[BlackElo "1787"]
[PlyCount "72"]
[EventDate "2019.06.29"]
[EventType "swiss"]
[EventRounds "9"]
[EventCountry "CZE"]

1. d4 Nf6 2. f4 g6 3. Nf3 Bg7 4. c3 b6 5. Nbd2 Bb7 6. Ng5 h6 7. Ngf3 d6 8. Qc2 c5 9. e3 Nbd7 10. Bb5 a6 11. Ba4 b5 12. Bb3 c4 13. Bxc4 bxc4 14. Nxc4 Rc8 15. Ncd2 Qb6 16. O-O O-O 17. f5 g5 18. h3 Qc6 19. Nb3 Qe4 20. Qe2 e5 21. Na5 exd4 22. Nxb7 Qxb7 23. exd4 Rfe8 24. Be3 Nd5 25. Rae1 Rxe3 26. Qxe3 Nxe3 27. Rxe3 Nf6 28. Rf2 Re8 29. Rd3 Qe4 30. Rd1 Qe3 31. Re1 Qd3 32. Ref1 Re2 33. Rxe2 Qxe2 34. Rf2 Qe3 35. Kf1 Ne4 36. Re2 Ng3+ 0-1

[Event "27th Klatovy B 2019"]
[Site "Klatovy CZE"]
[Date "2019.06.29"]
[Round "1.15"]
[White "Stanik, Michal"]
[Black "Veverka, Vladimir"]
[Result "1-0"]
[WhiteElo "1782"]
[BlackElo "1439"]
[PlyCount "29"]
[EventDate "2019.06.29"]
[EventType "swiss"]
[EventRounds "9"]
[EventCountry "CZE"]

1. e4 e6 2. d4 d5 3. Nc3 Nf6 4. Bg5 Be7 5. e5 Nfd7 6. h4 Bxg5 7. hxg5 Qxg5 8. Nh3 Qd8 9. Qh5 O-O 10. Bd3 h6 11. g4 f5 12. gxf5 exf5 13. O-O-O Nb6 14. Rdg1 Kh8 15. Nf4 1-0

[Event "27th Klatovy B 2019"]
[Site "Klatovy CZE"]
[Date "2019.06.29"]
[Round "1.16"]
[White "Dolejs, Jakub"]
[Black "Chmelik, Ladislav"]
[Result "0-1"]
[WhiteElo "1434"]
[BlackElo "1771"]
[PlyCount "58"]
[EventDate "2019.06.29"]
[EventType "swiss"]
[EventRounds "9"]
[EventCountry "CZE"]

1. d4 d5 2. c4 c6 3. Nf3 Nf6 4. e3 e6 5. Nc3 Nbd7 6. Qc2 Be7 7. g4 h6 8. Rg1 Qc7 9. h4 dxc4 10. Bxc4 Nb6 11. Bb3 Nfd5 12. g5 hxg5 13. hxg5 Bd6 14. g6 f6 15. a3 Bd7 16. Bd2 Rh3 17. e4 Rxf3 18. Rh1 Nxc3 19. bxc3 Bh2 20. e5 Bxe5 21. Rh8+ Ke7 22. Rxa8 Nxa8 23. dxe5 Qxe5+ 24. Be3 Rxe3+ 25. fxe3 Qxe3+ 26. Kf1 e5 27. Kg2 Qh3+ 28. Kg1 Bf5 29. Qg2 Qxc3 0-1

[Event "27th Klatovy B 2019"]
[Site "Klatovy CZE"]
[Date "2019.06.29"]
[Round "1.17"]
[White "Lener, Jaroslav 1975"]
[Black "Sykora, Vaclav"]
[Result "1-0"]
[WhiteElo "1754"]
[BlackElo "1422"]
[PlyCount "57"]
[EventDate "2019.06.29"]
[EventType "swiss"]
[EventRounds "9"]
[EventCountry "CZE"]

1. c4 Nf6 2. Nc3 b6 3. d4 Bb7 4. Bg5 e6 5. e4 Be7 6. Bxf6 Bxf6 7. e5 Be7 8. Nf3 O-O 9. Bd3 d6 10. O-O Nd7 11. exd6 cxd6 12. Re1 Nf6 13. b4 h6 14. Nd2 a5 15. Rb1 axb4 16. Rxb4 Qc7 17. Qb3 Nd7 18. Nb5 Qc6 19. d5 exd5 20. cxd5 Qc5 21. Rxe7 Bxd5 22. Qc3 Rxa2 23. Rxd7 Qxc3 24. Nxc3 Rxd2 25. Rd4 Rc8 26. Rxd6 Be6 27. Kf1 g6 28. Ke1 Rb2 29. Rd8+ 1-0

[Event "27th Klatovy B 2019"]
[Site "Klatovy CZE"]
[Date "2019.06.29"]
[Round "1.18"]
[White "Barta, David"]
[Black "Dubnicka, Augustin 2000"]
[Result "0-1"]
[WhiteElo "1411"]
[BlackElo "1754"]
[PlyCount "54"]
[EventDate "2019.06.29"]
[EventType "swiss"]
[EventRounds "9"]
[EventCountry "CZE"]

1. d4 d5 2. Nf3 Nf6 3. g3 c6 4. Bg2 Bf5 5. O-O e6 6. Nbd2 Bd6 7. c4 O-O 8. b3 Nbd7 9. Bb2 Ne4 10. Rc1 a5 11. Nh4 Nxd2 12. Nxf5 exf5 13. Qxd2 Nf6 14. Qg5 g6 15. Bh3 Ne4 16. Qxd8 Rfxd8 17. f3 Ng5 18. Bg2 Re8 19. Rc2 a4 20. Kf2 axb3 21. axb3 f4 22. Rcc1 Ra2 23. Rc2 Ba3 24. gxf4 Ne6 25. Rb1 Nxd4 26. Rd2 Nxb3 27. Rd3 dxc4 0-1

[Event "27th Klatovy B 2019"]
[Site "Klatovy CZE"]
[Date "2019.06.29"]
[Round "1.19"]
[White "Blazek, Pavel 1974"]
[Black "Malimanek, Marek"]
[Result "1-0"]
[WhiteElo "1745"]
[BlackElo "1408"]
[PlyCount "57"]
[EventDate "2019.06.29"]
[EventType "swiss"]
[EventRounds "9"]
[EventCountry "CZE"]

1. d4 Nf6 2. Nf3 e6 3. c4 Be7 4. Nc3 b6 5. e3 Bb7 6. Be2 O-O 7. Qc2 c5 8. O-O Nc6 9. Rd1 d5 10. cxd5 exd5 11. dxc5 Bxc5 12. a3 a5 13. Nb5 Qe7 14. Nbd4 Bxd4 15. Nxd4 Nxd4 16. Rxd4 Rac8 17. Qd1 Rfd8 18. Bd2 Ne4 19. Be1 Qc7 20. Bg4 Qc2 21. Bxc8 Rxc8 22. b4 Qb2 23. bxa5 Nc3 24. Bxc3 Rxc3 25. Rb4 Qc2 26. Rxb6 Bc8 27. a6 Qxd1+ 28. Rxd1 Rc7 29. Rb8 1-0

[Event "27th Klatovy B 2019"]
[Site "Klatovy CZE"]
[Date "2019.06.29"]
[Round "1.20"]
[White "Zemanova, Nikola"]
[Black "Macho, Miloslav"]
[Result "1/2-1/2"]
[WhiteElo "1403"]
[BlackElo "1745"]
[PlyCount "67"]
[EventDate "2019.06.29"]
[EventType "swiss"]
[EventRounds "9"]
[EventCountry "CZE"]

1. d4 Nf6 2. c4 e6 3. Nc3 Bb4 4. Bd2 O-O 5. Nf3 b6 6. e3 Bb7 7. a3 Bxc3 8. Bxc3 Ne4 9. Qc2 Nxc3 10. Qxc3 Bxf3 11. gxf3 Qf6 12. e4 Qf4 13. Qe3 Qxe3+ 14. fxe3 Nc6 15. b4 d6 16. Bd3 a5 17. b5 Ne7 18. Rc1 Rac8 19. c5 Rfd8 20. c6 d5 21. e5 Rf8 22. Rf1 Rcd8 23. a4 f6 24. f4 fxe5 25. fxe5 Rxf1+ 26. Kxf1 Rf8+ 27. Ke2 Nf5 28. Rf1 g6 29. Bxf5 Rxf5 30. Rxf5 gxf5 31. Kf3 Kg7 32. Kg3 Kg6 33. h4 h6 34. Kf4 1/2-1/2

[Event "27th Klatovy B 2019"]
[Site "Klatovy CZE"]
[Date "2019.06.29"]
[Round "1.21"]
[White "Schille, Hannes"]
[Black "Hejda, Ondrej"]
[Result "1-0"]
[WhiteElo "1740"]
[BlackElo "1403"]
[PlyCount "57"]
[EventDate "2019.06.29"]
[EventType "swiss"]
[EventRounds "9"]
[EventCountry "CZE"]

1. d4 d5 2. Bf4 Nf6 3. Nf3 Bf5 4. e3 Nbd7 5. c3 e6 6. Bd3 Bg6 7. Qc2 Bxd3 8. Qxd3 Be7 9. Nbd2 O-O 10. O-O c5 11. Qb5 cxd4 12. exd4 Nb6 13. a4 a6 14. Qb3 Qc8 15. Qxb6 Nd7 16. Qb3 Re8 17. Ne5 Nf6 18. Ndf3 Ne4 19. Nd2 Nf6 20. Bg5 h6 21. Bxf6 Bxf6 22. f4 Rb8 23. Qd1 b5 24. axb5 Rxb5 25. Qc2 Qb7 26. b4 Rc8 27. Qd3 Qc7 28. Rxa6 Qxc3 29. Qxb5 1-0

[Event "27th Klatovy B 2019"]
[Site "Klatovy CZE"]
[Date "2019.06.29"]
[Round "1.22"]
[White "Kadlec, Rudolf"]
[Black "Vnoucek, Pavel"]
[Result "0-1"]
[WhiteElo "1400"]
[BlackElo "1739"]
[PlyCount "152"]
[EventDate "2019.06.29"]
[EventType "swiss"]
[EventRounds "9"]
[EventCountry "CZE"]

1. e4 g6 2. d4 Bg7 3. f4 c6 4. Nc3 e6 5. Nf3 d5 6. e5 Nd7 7. Bd3 Ne7 8. O-O b5 9. a3 a5 10. Bd2 Nb6 11. Re1 O-O 12. b4 axb4 13. axb4 Bd7 14. Qc1 Rxa1 15. Qxa1 Qc7 16. Qb2 Ra8 17. Ra1 Qb7 18. Rxa8+ Qxa8 19. Qa2 Qb7 20. Be1 Nf5 21. Bxf5 gxf5 22. Nd2 Bf8 23. Qb1 Qa8 24. Na2 Nc4 25. Nxc4 dxc4 26. c3 Be7 27. h3 Qd8 28. Kh2 Bc8 29. Qc2 Bb7 30. Qd2 f6 31. Bh4 Kf7 32. Qf2 fxe5 33. Bxe7 Qxe7 34. dxe5 Bc8 35. Nc1 Qd7 36. Qe2 Kg6 37. Qf2 Qd1 38. Na2 Qb1 39. Qg3+ Kf7 40. Qf2 Bd7 41. Qd2 Ke8 42. Nc1 Qa1 43. Ne2 Qf1 44. Nc1 c5 45. bxc5 Bc6 46. Na2 Qd3 47. Qf2 Qe4 48. Nb4 Bd5 49. Qd2 Kd8 50. Nc6+ Kc7 51. Nb4 Kb7 52. Qf2 Kc8 53. Qd2 Bb7 54. Qf2 Kd7 55. Qd2+ Ke8 56. Qf2 Kf7 57. Qd2 Kg6 58. Qf2 h6 59. Qf3 Qxf3 60. gxf3 Bxf3 61. c6 Kf7 62. c7 Bb7 63. Nc6 Ke8 64. Nd8 Kd7 65. Nxb7 Kxc7 66. Na5 Kb6 67. Nxc4+ bxc4 68. Kg3 Ka5 69. Kf3 Ka4 70. Ke2 Kb3 71. Kd2 Kb2 72. h4 h5 73. Kd1 Kxc3 74. Kc1 Kd3 75. Kd1 Ke3 76. Kc2 Kxf4 0-1

[Event "27th Klatovy B 2019"]
[Site "Klatovy CZE"]
[Date "2019.06.29"]
[Round "1.23"]
[White "Sedlak, Jakub"]
[Black "Cervenka, Jakub"]
[Result "1-0"]
[WhiteElo "1737"]
[BlackElo "1396"]
[PlyCount "57"]
[EventDate "2019.06.29"]
[EventType "swiss"]
[EventRounds "9"]
[EventCountry "CZE"]

1. e4 d5 2. exd5 Qxd5 3. Nc3 Qa5 4. Nf3 Bg4 5. Be2 c6 6. h3 Bh5 7. d4 e6 8. Bf4 Bb4 9. Bd2 Nd7 10. a3 Be7 11. O-O Ngf6 12. Bc4 Qc7 13. Re1 O-O 14. Nh4 Bg6 15. Nxg6 hxg6 16. Qf3 Kh7 17. Ne4 Rh8 18. Bf4 Qb6 19. Ng5+ Kg8 20. Nxe6 fxe6 21. Bxe6+ Kf8 22. Bxd7 Qxd4 23. Rad1 Qxb2 24. Rxe7 Kxe7 25. Qe3+ Kf8 26. Qe6 Ne4 27. Qxe4 Qf6 28. Bd6+ Kf7 29. Qc4+ 1-0

[Event "27th Klatovy B 2019"]
[Site "Klatovy CZE"]
[Date "2019.06.29"]
[Round "1.24"]
[White "Malik, Zdenek"]
[Black "Kalista, Karel"]
[Result "1-0"]
[WhiteElo "1391"]
[BlackElo "1736"]
[PlyCount "93"]
[EventDate "2019.06.29"]
[EventType "swiss"]
[EventRounds "9"]
[EventCountry "CZE"]

1. e4 c5 2. Nf3 d6 3. d4 cxd4 4. Qxd4 Nc6 5. Bb5 Bd7 6. Bxc6 bxc6 7. Nc3 Qc7 8. O-O c5 9. Qd3 e6 10. Bg5 Rb8 11. b3 Nf6 12. Ne2 Be7 13. e5 dxe5 14. Nxe5 Rd8 15. Nxd7 Rxd7 16. Qf3 O-O 17. c4 Rfd8 18. Nf4 h6 19. Bxf6 Bxf6 20. Rae1 Be5 21. Re4 Rd4 22. g3 Bxf4 23. Rxf4 Rxf4 24. Qxf4 Qxf4 25. gxf4 Rd2 26. Ra1 Rb2 27. Kg2 Kf8 28. Kf3 Ke7 29. Ke3 Kf6 30. h3 Kf5 31. Kf3 f6 32. Kg3 e5 33. fxe5 fxe5 34. Kf3 e4+ 35. Ke3 Rc2 36. h4 Rc3+ 37. Ke2 Rh3 38. Rd1 Rxh4 39. Rd5+ Kf4 40. Rxc5 Rh2 41. Rc7 g5 42. c5 g4 43. c6 g3 44. Rf7+ Ke5 45. c7 Ke6 46. c8=Q+ Kxf7 47. Qc7+ 1-0

[Event "27th Klatovy B 2019"]
[Site "Klatovy CZE"]
[Date "2019.06.29"]
[Round "1.25"]
[White "Berka, Lubos"]
[Black "Souralova, Venuse"]
[Result "1-0"]
[WhiteElo "1733"]
[BlackElo "1391"]
[PlyCount "105"]
[EventDate "2019.06.29"]
[EventType "swiss"]
[EventRounds "9"]
[EventCountry "CZE"]

1. e4 c5 2. Nc3 d6 3. g3 Nf6 4. Bg2 g6 5. d3 Bg7 6. Nge2 O-O 7. O-O Nc6 8. h3 Bd7 9. g4 Rc8 10. Ng3 Be6 11. f4 h6 12. f5 Bd7 13. h4 Ne5 14. g5 Nfg4 15. Bh3 h5 16. Nd5 e6 17. Ne3 Nxe3 18. Bxe3 exf5 19. exf5 Qc7 20. Kh2 Rfe8 21. Bf4 Qc6 22. Bg2 Ng4+ 23. Kh1 Qb6 24. f6 Bf8 25. Ne4 d5 26. Nc3 c4 27. Nxd5 Qxb2 28. dxc4 Bf5 29. Rb1 Qxc2 30. Qxc2 Bxc2 31. Rxb7 Rxc4 32. Ne7+ Kh7 33. Rxa7 Be4 34. a4 Bxg2+ 35. Kxg2 Re4 36. Kf3 Re6 37. a5 Bxe7 38. fxe7 R8xe7 39. Rxe7 Rxe7 40. a6 f6 41. Ra1 Ra7 42. Bb8 Ra8 43. a7 fxg5 44. hxg5 Kg7 45. Re1 Kf7 46. Kf4 Nf2 47. Re3 Nd1 48. Rd3 Nb2 49. Rd7+ Kg8 50. Ke5 Nc4+ 51. Kf6 h4 52. Kxg6 Ne5+ 53. Bxe5 1-0

[Event "27th Klatovy B 2019"]
[Site "Klatovy CZE"]
[Date "2019.06.29"]
[Round "1.26"]
[White "Gacho, Ondrej"]
[Black "Vaclavik, Jan"]
[Result "0-1"]
[WhiteElo "1384"]
[BlackElo "1733"]
[PlyCount "52"]
[EventDate "2019.06.29"]
[EventType "swiss"]
[EventRounds "9"]
[EventCountry "CZE"]

1. e4 c5 2. c3 d5 3. exd5 Qxd5 4. d4 Nf6 5. Nf3 Bg4 6. Be2 e6 7. Bf4 Nc6 8. O-O Rd8 9. dxc5 Bxc5 10. Qa4 Qe4 11. Qxe4 Nxe4 12. h3 Bh5 13. g4 Bg6 14. Bb5 f6 15. b4 Bb6 16. Nbd2 Nxc3 17. Bxc6+ bxc6 18. Nc4 Ne2+ 19. Kh2 Nxf4 20. Nxb6 axb6 21. Rac1 Rd6 22. Rc4 Bd3 23. Rd1 Bxc4 24. Rxd6 Bd5 25. Kg3 Ke7 26. Kxf4 Kxd6 0-1

[Event "27th Klatovy B 2019"]
[Site "Klatovy CZE"]
[Date "2019.06.29"]
[Round "1.27"]
[White "Bauer, Jan 2005"]
[Black "Berkovec, Josef"]
[Result "1-0"]
[WhiteElo "1721"]
[BlackElo "1380"]
[PlyCount "69"]
[EventDate "2019.06.29"]
[EventType "swiss"]
[EventRounds "9"]
[EventCountry "CZE"]

1. d4 Nf6 2. Nf3 c5 3. e3 cxd4 4. exd4 g6 5. Bf4 e6 6. Qd2 Bg7 7. Bh6 O-O 8. Bxg7 Kxg7 9. Nc3 b6 10. Be2 d5 11. h4 h5 12. Ne5 Bb7 13. O-O-O Nbd7 14. Qg5 Ne4 15. Nxe4 dxe4 16. Nxd7 Qxd7 17. Bxh5 Qd5 18. Qxd5 exd5 19. Be2 Bc8 20. Kd2 Be6 21. Ke3 Rac8 22. Rc1 f5 23. g3 Kf6 24. c3 Rf7 25. Rc2 Rfc7 26. Rhc1 Bd7 27. Ba6 b5 28. Bxc8 Rxc8 29. Kf4 Rc6 30. Ke3 a6 31. Rh1 Be8 32. Rcc1 Bf7 33. Kf4 Be8 34. Rcg1 b4 35. Rc1 1-0